[Event "World Youth U-16 Olympiad 2018"]
[Site "Konya"]
[Date "2018.11.27"]
[Round "4"]
[White "Milosevic, Milos"]
[Black "Mis, Mieszko"]
[Result "1/2-1/2"]
[WhiteElo "2293"]
[BlackElo "2307"]
[Annotator "NA"]
[PlyCount "56"]
[EventDate "2018.11.25"]
[EventType "team-tourn"]
[EventCountry "TUR"]
[SourceTitle "playchess.com"]
[Source "ChessBase"]
[SourceQuality "1"]
[WhiteTeam "Serbia"]
[BlackTeam "Poland"]
[WhiteTeamCountry "SRB"]
[BlackTeamCountry "POL"]

1. e4 d6 2. d4 Nf6 3. Nc3 g6 4. f4 Bg7 5. Nf3 c5 6. dxc5 Qa5 7. Qd4 O-O 8. Bd2 Nc6 9. Qc4 Be6 10. Qb5 Qc7 11. Be2 Rac8 12. O-O a6 13. cxd6 exd6 14. Qg5 Qb6+ 15. Kh1 Qxb2 16. f5 Bd7 17. Rab1 Qa3 18. Qh4 Qc5 19. Rxb7 Nd4 20. Bd3 Nxf3 21. Rxf3 Bc6 22. Rb3 Rce8 23. Bg5 Qe5 24. Rh3 h5 25. Bf4 Qc5 26. Be3 Qe5 27. Bf4 Qc5 28. Be3 Qe5 1/2-1/2

[Event "World Youth U-16 Olympiad 2018"]
[Site "Konya"]
[Date "2018.11.27"]
[Round "4"]
[White "Gombocz, Ferenc Jr."]
[Black "Ozturk, Efe Hakan"]
[Result "0-1"]
[WhiteElo "2290"]
[BlackElo "2083"]
[Annotator "NA"]
[PlyCount "98"]
[EventDate "2018.11.25"]
[EventType "team-tourn"]
[EventCountry "TUR"]
[SourceTitle "playchess.com"]
[Source "ChessBase"]
[SourceQuality "1"]
[WhiteTeam "Hungary"]
[BlackTeam "Turkey"]
[WhiteTeamCountry "HUN"]
[BlackTeamCountry "TUR"]

1. c4 e6 2. g3 Nf6 3. Bg2 d5 4. Nf3 Be7 5. O-O O-O 6. b3 c5 7. Bb2 d4 8. e3 Nc6 9. exd4 cxd4 10. Re1 Re8 11. Ne5 Nxe5 12. Rxe5 Nd7 13. Re1 e5 14. d3 f6 15. a3 a5 16. Nd2 Rb8 17. Bc1 b5 18. Bd5+ Kh8 19. Bf7 Rf8 20. Qh5 f5 21. Be6 g6 22. Qe2 Bf6 23. b4 e4 24. Bxd7 Bxd7 25. Rb1 bxc4 26. Nxc4 Bb5 27. Qa2 Qd5 28. a4 Bc6 29. b5 Bb7 30. f3 exd3 31. Rf1 Rbc8 32. Ba3 Rfe8 33. Rbc1 d2 34. Qxd2 Rxc4 35. Rxc4 Qxc4 36. Re1 Ra8 37. Be7 Bg7 38. Bg5 Qc3 39. Qxc3 dxc3 40. Kg2 h6 41. Bf4 g5 42. Bc7 g4 43. Re7 gxf3+ 44. Kf1 c2 45. Bf4 Be4 46. Rc7 Rd8 47. Kf2 Bd4+ 48. Be3 Bxe3+ 49. Kxe3 Rd1 0-1

[Event "World Youth U-16 Olympiad 2018"]
[Site "Konya"]
[Date "2018.11.27"]
[Round "4"]
[White "Isanzhulov, Arystan"]
[Black "Tsoi, Dmitry"]
[Result "1-0"]
[WhiteElo "2284"]
[BlackElo "2429"]
[Annotator "NA RC"]
[PlyCount "119"]
[EventDate "2018.11.25"]
[EventType "team-tourn"]
[EventCountry "TUR"]
[SourceTitle "playchess.com"]
[Source "ChessBase"]
[SourceQuality "1"]
[WhiteTeam "Kazakhstan"]
[BlackTeam "Russia"]
[WhiteTeamCountry "KAZ"]
[BlackTeamCountry "RUS"]

1. e4 e5 2. Nf3 d6 3. d4 exd4 4. Nxd4 Nf6 5. Nc3 Be7 6. Be2 O-O 7. O-O Re8 8. f4 c5 9. Nb3 Nc6 10. Be3 a6 11. Bf3 Be6 12. Kh1 Qc7 13. g4 b5 14. g5 Nd7 15. Nd5 Bxd5 16. exd5 Ncb8 17. Bd2 Nb6 18. Ba5 N8d7 19. Nd2 Qb7 20. b3 Bf8 21. Bc3 Re3 22. Bb2 Rae8 23. Bg2 a5 24. Rf3 Re2 25. Bf1 R2e7 26. c4 a4 27. Qc2 b4 28. Bd3 g6 29. Raf1 a3 30. Ba1 Re1 31. Ne4 Rxf1+ 32. Rxf1 Qb8 33. Qf2 Bg7 34. Bxg7 Kxg7 35. Qh4 Kg8 36. Qh6 Rxe4 37. Bxe4 Qf8 38. Qh3 Qg7 39. Qe3 Qb2 40. Rf2 Qa1+ 41. Kg2 Nf8 42. Bf3 Qd4 43. Qe7 Nc8 44. Qc7 Qxf4 45. Qxc8 Qxg5+ 46. Qg4 Qxg4+ 47. Bxg4 f5 48. Bxf5 gxf5 49. Rxf5 Kg7 50. Kg3 h6 51. Kg4 Nd7 52. Rf2 Kg6 53. Re2 Nf6+ 54. Kf3 Kf5 55. Re6 h5 56. Rxd6 Ne4 57. Rh6 Nc3 58. d6 Kg5 59. Re6 Kf5 60. Re1 1-0

[Event "World Youth U-16 Olympiad 2018"]
[Site "Konya"]
[Date "2018.11.27"]
[Round "4"]
[White "Stefansson, Vignir Vatnar"]
[Black "Pheephacharakan, Pinatpong"]
[Result "1/2-1/2"]
[WhiteElo "2283"]
[BlackElo "1860"]
[Annotator "NA"]
[PlyCount "106"]
[EventDate "2018.11.25"]
[EventType "team-tourn"]
[EventCountry "TUR"]
[SourceTitle "playchess.com"]
[Source "ChessBase"]
[SourceQuality "1"]
[WhiteTeam "Iceland"]
[BlackTeam "Thailand"]
[WhiteTeamCountry "ISL"]
[BlackTeamCountry "THA"]

1. d4 Nf6 2. Bg5 e6 3. e4 h6 4. Bxf6 Qxf6 5. Nf3 d5 6. Nbd2 c5 7. c3 cxd4 8. Nxd4 Bc5 9. N2b3 Bb6 10. exd5 e5 11. Nf3 O-O 12. Be2 Bf5 13. O-O Rd8 14. c4 Nd7 15. Rc1 Rac8 16. Qd2 g5 17. Ne1 e4 18. Qc3 Qxc3 19. Rxc3 a5 20. Nc2 Bg6 21. Nbd4 Nc5 22. Bg4 Na4 23. Ra3 Rxc4 24. b3 Rxd4 25. Nxd4 Nc3 26. Nc2 f5 27. b4 Nb5 28. Ra4 fxg4 29. bxa5 Bc5 30. a6 bxa6 31. Rxa6 Be8 32. Ne3 Nc3 33. Re1 Bxe3 34. fxe3 Rxd5 35. Rxh6 Bb5 36. Kf2 Kg7 37. Rb6 Rd2+ 38. Kg3 Rxa2 39. Kxg4 Bd7+ 40. Kh5 Rxg2 41. Rb7 Rxh2+ 42. Kxg5 Rd2 43. Rc1 Rd5+ 44. Kh4 Nb5 45. Rc4 Kf6 46. Rxe4 Nd6 47. Rxd7 Nf5+ 48. Kg4 Rxd7 49. Rf4 Rg7+ 50. Kf3 Rg3+ 51. Kf2 Rxe3 52. Rxf5+ Kxf5 53. Kxe3 Ke5 1/2-1/2

[Event "World Youth U-16 Olympiad 2018"]
[Site "Konya"]
[Date "2018.11.27"]
[Round "4"]
[White "Haring, Filip"]
[Black "Isik, Alparslan"]
[Result "1-0"]
[WhiteElo "2258"]
[BlackElo "2220"]
[Annotator "NA"]
[PlyCount "55"]
[EventDate "2018.11.25"]
[EventType "team-tourn"]
[EventCountry "TUR"]
[SourceTitle "playchess.com"]
[Source "ChessBase"]
[SourceQuality "1"]
[WhiteTeam "Slovakia"]
[BlackTeam "Turkey"]
[WhiteTeamCountry "SVK"]
[BlackTeamCountry "TUR"]

1. e4 c5 2. Nf3 d6 3. d4 cxd4 4. Nxd4 Nf6 5. Nc3 a6 6. h3 e6 7. g4 Nfd7 8. g5 Be7 9. Bg2 Nc6 10. h4 O-O 11. Be3 Rb8 12. f4 Nxd4 13. Qxd4 e5 14. Qd2 exf4 15. Bxf4 Ne5 16. O-O-O Bg4 17. Rdg1 b5 18. Nd5 a5 19. h5 b4 20. Bh3 Bf3 21. Rh2 Bxe4 22. Nf6+ Bxf6 23. gxf6 g6 24. hxg6 Bxg6 25. Bxe5 dxe5 26. Qg5 Rb6 27. Be6 Rxe6 28. Qh6 1-0

[Event "World Youth U-16 Olympiad 2018"]
[Site "Konya"]
[Date "2018.11.27"]
[Round "4"]
[White "Berdnyk, Mariia"]
[Black "De Silva, Tenara"]
[Result "1-0"]
[WhiteElo "2254"]
[BlackElo "2023"]
[Annotator "NA"]
[PlyCount "63"]
[EventDate "2018.11.25"]
[EventType "team-tourn"]
[EventCountry "TUR"]
[SourceTitle "playchess.com"]
[Source "ChessBase"]
[SourceQuality "1"]
[WhiteTeam "Ukraine"]
[BlackTeam "Sri Lanka"]
[WhiteTeamCountry "UKR"]
[BlackTeamCountry "SRI"]

1. e4 d6 2. d4 g6 3. Nc3 Bg7 4. h4 Nf6 5. Be2 Nc6 6. Be3 h5 7. Qd2 Ng4 8. Bxg4 hxg4 9. Nge2 b6 10. O-O-O Na5 11. Qd3 Bd7 12. Ng3 c5 13. h5 c4 14. Qd2 Qc7 15. hxg6 fxg6 16. Rxh8+ Bxh8 17. Rh1 Bf6 18. Nd5 Qb7 19. Nxf6+ exf6 20. Rh8+ Kf7 21. Rh7+ Kg8 22. Rh6 Be8 23. Qd1 Qd7 24. d5 Rc8 25. Bd4 Qg7 26. Qh1 Nb7 27. Nf5 gxf5 28. Bxf6 Qd7 29. Rh8+ Kf7 30. Bd4 Ke7 31. Qh4+ Kf7 32. Qf6# 1-0

[Event "World Youth U-16 Olympiad 2018"]
[Site "Konya"]
[Date "2018.11.27"]
[Round "4"]
[White "Semjonovs, Ilja"]
[Black "Bjerre, Jonas Buhl"]
[Result "0-1"]
[WhiteElo "2245"]
[BlackElo "2422"]
[Annotator "TA"]
[PlyCount "102"]
[EventDate "2018.11.25"]
[EventType "team-tourn"]
[EventCountry "TUR"]
[SourceTitle "playchess.com"]
[Source "ChessBase"]
[SourceQuality "1"]
[WhiteTeam "Latvia"]
[BlackTeam "Denmark"]
[WhiteTeamCountry "LAT"]
[BlackTeamCountry "DEN"]

1. e4 c5 2. Nf3 e6 3. d4 cxd4 4. Nxd4 Nc6 5. Nc3 Qc7 6. g4 a6 7. Be3 b5 8. Nxc6 Qxc6 9. a3 Bb7 10. f3 Bc5 11. Qd2 Ne7 12. O-O-O O-O 13. Bxc5 Qxc5 14. Qd4 Qxd4 15. Rxd4 Bc6 16. Be2 Ng6 17. Rhd1 Nf4 18. Bf1 Rfb8 19. Ne2 Ng6 20. Rd6 Ne5 21. Nd4 g5 22. Be2 Kf8 23. Nb3 Ke7 24. R6d2 a5 25. Nc5 Rc8 26. b3 b4 27. axb4 axb4 28. Kb2 Bb5 29. Bxb5 Rxc5 30. Bxd7 Nxf3 31. Rf2 Ne5 32. Ba4 Rb8 33. h3 Rc3 34. h4 gxh4 35. Rh2 h3 36. Rdh1 Nxg4 37. Rxh3 Nf2 38. Rxh7 Nxh1 39. Rxh1 Rbc8 40. Rh2 Re3 41. Bb5 Rxe4 42. Bd3 Rg4 43. Rh5 f5 44. Rh7+ Kf6 45. Rb7 e5 46. Ba6 Rc6 47. Be2 Rg2 48. Bc4 e4 49. Rxb4 e3 50. Rb8 Rc5 51. Rb6+ Kg5 0-1

[Event "World Youth U-16 Olympiad 2018"]
[Site "Konya"]
[Date "2018.11.27"]
[Round "4"]
[White "Svanda, Ondrej"]
[Black "Harutyunyan, Ruben"]
[Result "1-0"]
[WhiteElo "2244"]
[BlackElo "2344"]
[Annotator "NA"]
[PlyCount "75"]
[EventDate "2018.11.25"]
[EventType "team-tourn"]
[EventCountry "TUR"]
[SourceTitle "playchess.com"]
[Source "ChessBase"]
[SourceQuality "1"]
[WhiteTeam "Czech Republic"]
[BlackTeam "France"]
[WhiteTeamCountry "CZE"]
[BlackTeamCountry "FRA"]

1. e4 e5 2. Nf3 Nc6 3. d4 exd4 4. Bc4 Nf6 5. e5 d5 6. Bb5 Ne4 7. Nxd4 Bc5 8. Be3 O-O 9. Nxc6 bxc6 10. Bxc5 Nxc5 11. Bxc6 Rb8 12. Qxd5 Qxd5 13. Bxd5 Rxb2 14. Na3 Rd8 15. O-O-O Rb6 16. Bxf7+ Kxf7 17. Rxd8 Be6 18. Nb1 Ne4 19. Re1 Bf5 20. f3 Nc5 21. Nc3 Rc6 22. Ne4 Ke7 23. Rd2 Na4 24. Rd4 Bxe4 25. Rexe4 Nc5 26. Re3 Ne6 27. Ra4 a6 28. Rea3 Nc5 29. Rc4 Ke6 30. Rac3 Kd5 31. Rxc5+ Rxc5 32. Rxc5+ Kxc5 33. f4 h5 34. Kd2 h4 35. Kd3 Kd5 36. c4+ Kc5 37. Ke4 g6 38. f5 1-0

[Event "World Youth U-16 Olympiad 2018"]
[Site "Konya"]
[Date "2018.11.27"]
[Round "4"]
[White "Stevanic, David"]
[Black "Cui, Cynthia"]
[Result "1-0"]
[WhiteElo "2237"]
[BlackElo "1848"]
[Annotator "NA"]
[PlyCount "41"]
[EventDate "2018.11.25"]
[EventType "team-tourn"]
[EventCountry "TUR"]
[SourceTitle "playchess.com"]
[Source "ChessBase"]
[SourceQuality "1"]
[WhiteTeam "Slovenia"]
[BlackTeam "Canada"]
[WhiteTeamCountry "SLO"]
[BlackTeamCountry "CAN"]

1. e4 e6 2. d4 d5 3. Nc3 Bb4 4. e5 c5 5. a3 Bxc3+ 6. bxc3 Qa5 7. Bd2 Qa4 8. Qg4 Kf8 9. c4 Nc6 10. dxc5 Nxe5 11. Qf4 Nc6 12. cxd5 Qxf4 13. Bxf4 exd5 14. Bd6+ Ke8 15. Bb5 Nf6 16. f3 Kd8 17. O-O-O Be6 18. Ne2 Ne7 19. Nf4 Bd7 20. Bxd7 Kxd7 21. g4 1-0

[Event "World Youth U-16 Olympiad 2018"]
[Site "Konya"]
[Date "2018.11.27"]
[Round "4"]
[White "Lazavik, Denis"]
[Black "Sankalp Gupta"]
[Result "1/2-1/2"]
[WhiteElo "2235"]
[BlackElo "2352"]
[Annotator "ChessBase"]
[PlyCount "51"]
[EventDate "2018.11.25"]
[EventType "team-tourn"]
[EventCountry "TUR"]
[SourceTitle "playchess.com"]
[Source "ChessBase"]
[SourceQuality "1"]
[WhiteTeam "Belarus"]
[BlackTeam "India"]
[WhiteTeamCountry "BLR"]
[BlackTeamCountry "IND"]

1. d4 Nf6 2. c4 e6 3. Nf3 c5 4. d5 exd5 5. cxd5 d6 6. Nc3 g6 7. g3 Bg7 8. Bg2 O-O 9. O-O Re8 10. Bf4 Ne4 11. Nxe4 Rxe4 12. Nd2 Rxf4 13. gxf4 Bxb2 14. Rb1 Bg7 15. Nc4 Na6 16. e3 Rb8 17. a4 Nb4 18. Qd2 b6 19. Rfc1 Ba6 20. Na3 Qd7 21. Rxb4 cxb4 22. Qxb4 Rc8 23. Rxc8+ Qxc8 24. Nb5 Bf8 25. Qc3 Qg4 26. Qc2 1/2-1/2

[Event "World Youth U-16 Olympiad 2018"]
[Site "Konya"]
[Date "2018.11.27"]
[Round "4"]
[White "Serikbay, Assel"]
[Black "Murzin, Volodar"]
[Result "0-1"]
[WhiteElo "2222"]
[BlackElo "2340"]
[Annotator "NA"]
[PlyCount "114"]
[EventDate "2018.11.25"]
[EventType "team-tourn"]
[EventCountry "TUR"]
[SourceTitle "playchess.com"]
[Source "ChessBase"]
[SourceQuality "1"]
[WhiteTeam "Kazakhstan"]
[BlackTeam "Russia"]
[WhiteTeamCountry "KAZ"]
[BlackTeamCountry "RUS"]

1. d4 Nf6 2. Nf3 g6 3. c4 Bg7 4. g3 O-O 5. Bg2 d6 6. O-O Nbd7 7. Nc3 e5 8. e4 exd4 9. Nxd4 Re8 10. Re1 Nc5 11. h3 Bd7 12. Kh2 a5 13. f4 h5 14. Rb1 c6 15. b3 Qc7 16. a3 Rad8 17. b4 axb4 18. axb4 Ne6 19. Be3 Nxd4 20. Bxd4 Be6 21. b5 Qc8 22. Qd3 cxb5 23. cxb5 d5 24. e5 Bf5 25. Qd2 Ne4 26. Nxe4 dxe4 27. Qe3 Qc4 28. Bb6 Rd3 29. Qc5 Qe6 30. Red1 Rc8 31. Qf2 Qd7 32. Qe2 Bh6 33. Bf2 Rd8 34. Rxd3 exd3 35. Qd2 Rc8 36. Rb2 Bf8 37. Be3 Ba3 38. Ra2 Rc2 39. Rxc2 dxc2 40. Qxd7 Bxd7 41. Bxb7 Bxb5 42. e6 f5 43. g4 c1=Q 44. Bxc1 Bxc1 45. Kg3 Kg7 46. gxf5 gxf5 47. Kh4 Kh6 48. Kg3 Kg6 49. Bf3 Be8 50. Be2 Kf6 51. Bc4 Bd2 52. h4 Be1+ 53. Kh3 Bg6 54. Bb3 Ke7 55. Bc4 Kd6 56. Bb3 Bc3 57. Kg3 Bf6 0-1

[Event "World Youth U-16 Olympiad 2018"]
[Site "Konya"]
[Date "2018.11.27"]
[Round "4"]
[White "Li, Henry"]
[Black "Leffad, Samy"]
[Result "1-0"]
[WhiteElo "2219"]
[BlackElo "1776"]
[Annotator "NA"]
[PlyCount "99"]
[EventDate "2018.11.25"]
[EventType "team-tourn"]
[EventCountry "TUR"]
[SourceTitle "playchess.com"]
[Source "ChessBase"]
[SourceQuality "1"]
[WhiteTeam "Ireland"]
[BlackTeam "Algeria"]
[WhiteTeamCountry "IRL"]
[BlackTeamCountry "ALG"]

1. e4 c5 2. Nf3 d6 3. d4 cxd4 4. Nxd4 Nf6 5. Nc3 a6 6. Bg5 e6 7. f4 Be7 8. Qf3 Qc7 9. O-O-O Nbd7 10. g4 b5 11. Bxf6 Nxf6 12. g5 Nd7 13. f5 Nc5 14. Rg1 b4 15. Nce2 Bb7 16. Ng3 Bxg5+ 17. Kb1 e5 18. Nb3 Rc8 19. Bd3 Nxd3 20. Qxd3 Be7 21. Nf1 Kf8 22. Ne3 f6 23. Rg2 a5 24. Nd2 Qc5 25. Ndc4 Ba6 26. b3 a4 27. h4 Bb5 28. h5 h6 29. Qe2 Bc6 30. Nd5 Bd8 31. Nce3 Bb5 32. Qd2 axb3 33. cxb3 Be8 34. Rh2 Rb8 35. Rc1 Qb5 36. Rc4 Ba5 37. Nxf6 d5 38. Nfxd5 Bf7 39. Qc2 Qb7 40. Rc5 Bd8 41. Rc4 Ba5 42. Qb2 Bxd5 43. Nxd5 Re8 44. Rc5 Qa7 45. Rhc2 Bb6 46. Rc6 Bd4 47. Qc1 Rg8 48. Nxb4 Qa5 49. Nd5 Qb5 50. Nc7 1-0

[Event "World Youth U-16 Olympiad 2018"]
[Site "Konya"]
[Date "2018.11.27"]
[Round "4"]
[White "Yaniv, Yuval"]
[Black "Hercog, Nusa"]
[Result "1-0"]
[WhiteElo "2209"]
[BlackElo "2017"]
[Annotator "NA"]
[PlyCount "95"]
[EventDate "2018.11.25"]
[EventType "team-tourn"]
[EventCountry "TUR"]
[SourceTitle "playchess.com"]
[Source "ChessBase"]
[SourceQuality "1"]
[WhiteTeam "Israel"]
[BlackTeam "Slovenia"]
[WhiteTeamCountry "ISR"]
[BlackTeamCountry "SLO"]

1. e4 c5 2. Nf3 e6 3. d4 cxd4 4. Nxd4 Nc6 5. Nc3 Qc7 6. g4 a6 7. h4 b5 8. Nxc6 Qxc6 9. a3 Bc5 10. Bg2 Bb7 11. Bf4 Ne7 12. h5 h6 13. Qe2 Bd4 14. Rh3 e5 15. O-O-O f6 16. Rhd3 d6 17. Be3 Bxe3+ 18. Qxe3 Rd8 19. Qd2 Nc8 20. Nd5 Qd7 21. Ne3 Qe6 22. Nf5 O-O 23. f3 Qa2 24. Qb4 Nb6 25. Qb3+ Qxb3 26. cxb3 Nc8 27. Nxd6 Nxd6 28. Rxd6 Rxd6 29. Rxd6 Rc8+ 30. Kd2 Rc7 31. Bf1 Bc6 32. Rd8+ Kf7 33. Rb8 Rb7 34. Rxb7+ Bxb7 35. Kc3 g6 36. Kb4 gxh5 37. gxh5 f5 38. Bd3 Kf6 39. Kc5 fxe4 40. Bxe4 Bc8 41. a4 Bd7 42. a5 b4 43. Bd3 Bc8 44. Kb6 Kg5 45. Bxa6 Be6 46. Bb7 Kxh5 47. a6 Kg5 48. a7 1-0

[Event "World Youth U-16 Olympiad 2018"]
[Site "Konya"]
[Date "2018.11.27"]
[Round "4"]
[White "Borhy, Marcell"]
[Black "Gokcek, Kursat Bugra"]
[Result "1/2-1/2"]
[WhiteElo "2201"]
[BlackElo "2010"]
[Annotator "NA"]
[PlyCount "88"]
[EventDate "2018.11.25"]
[EventType "team-tourn"]
[EventCountry "TUR"]
[SourceTitle "playchess.com"]
[Source "ChessBase"]
[SourceQuality "1"]
[WhiteTeam "Hungary"]
[BlackTeam "Turkey"]
[WhiteTeamCountry "HUN"]
[BlackTeamCountry "TUR"]

1. d4 Nf6 2. c4 g6 3. Nf3 Bg7 4. g3 O-O 5. Bg2 d6 6. O-O c5 7. dxc5 dxc5 8. Ne5 Qc7 9. Nd3 Be6 10. Qb3 Nc6 11. Nxc5 Bf5 12. Qxb7 Qxb7 13. Nxb7 Nd4 14. Nc3 Rac8 15. Na5 Nd7 16. Bg5 Rfe8 17. Rad1 Nb6 18. Be3 Nc2 19. Bxb6 axb6 20. Nc6 Bxc3 21. bxc3 Na3 22. Nd4 Rxc4 23. Bc6 Rc8 24. Nxf5 gxf5 25. Bb7 R8c7 26. Rd8+ Kg7 27. Bd5 Rxc3 28. Bb3 b5 29. Rfd1 Nc4 30. R8d3 Nd6 31. Rxc3 Rxc3 32. f3 Kf6 33. Kf2 Ke5 34. Rd5+ Kf6 35. Rd1 Ke5 36. Rd5+ Kf6 37. Ke1 Rc1+ 38. Rd1 Rc5 39. e3 Rc3 40. Ke2 Nc4 41. Rd3 Rc1 42. Rd1 Rc3 43. Rd3 Rc1 44. Rd1 Rc3 1/2-1/2

[Event "World Youth U-16 Olympiad 2018"]
[Site "Konya"]
[Date "2018.11.27"]
[Round "4"]
[White "Garcia de Dios, Jose Antonio"]
[Black "Mhango, Banele"]
[Result "1-0"]
[WhiteElo "2194"]
[BlackElo "1828"]
[Annotator "NA"]
[PlyCount "105"]
[EventDate "2018.11.25"]
[EventType "team-tourn"]
[EventCountry "TUR"]
[SourceTitle "playchess.com"]
[Source "ChessBase"]
[SourceQuality "1"]
[WhiteTeam "Mexico"]
[BlackTeam "South Africa"]
[WhiteTeamCountry "MEX"]
[BlackTeamCountry "RSA"]

1. d4 Nf6 2. c4 g6 3. Nc3 Bg7 4. e4 d6 5. f4 O-O 6. Nf3 c5 7. d5 a6 8. a4 e6 9. Be2 exd5 10. cxd5 Bg4 11. O-O Re8 12. e5 Bxf3 13. Bxf3 dxe5 14. fxe5 Rxe5 15. Bf4 Re8 16. Qb3 Ra7 17. Rae1 Nbd7 18. d6 Nf8 19. Rxe8 Nxe8 20. Bd5 b6 21. Ne4 Bd4+ 22. Kh1 Kg7 23. Bxf7 Nf6 24. Nxf6 Bxf6 25. Bc4 g5 26. Bg3 Ng6 27. Qe3 h5 28. h3 h4 29. Bh2 Bxb2 30. Qe6 b5 31. axb5 axb5 32. Rf7+ Rxf7 33. Qxf7+ Kh6 34. Bxb5 Qf6 35. Qxf6 Bxf6 36. Bg1 Nf4 37. Bc4 Kg6 38. Bxc5 Bd8 39. Ba7 Kf6 40. Bb8 Ne6 41. Kg1 Ke5 42. Kf1 Bf6 43. Bc7 Nd8 44. Ke2 Kd4 45. Bb5 Ke4 46. Be8 Kf4 47. Kd3 Kg3 48. Ke4 g4 49. Kf5 gxh3 50. gxh3 Nb7 51. d7+ Kxh3 52. Kxf6 Kg2 53. Bf7 1-0

[Event "World Youth U-16 Olympiad 2018"]
[Site "Konya"]
[Date "2018.11.27"]
[Round "4"]
[White "Caglar, Sila"]
[Black "Verbin, Valentina"]
[Result "0-1"]
[WhiteElo "2184"]
[BlackElo "1936"]
[Annotator "NA"]
[PlyCount "104"]
[EventDate "2018.11.25"]
[EventType "team-tourn"]
[EventCountry "TUR"]
[SourceTitle "playchess.com"]
[Source "ChessBase"]
[SourceQuality "1"]
[WhiteTeam "Turkey"]
[BlackTeam "Moldova"]
[WhiteTeamCountry "TUR"]
[BlackTeamCountry "MDA"]

1. e4 c5 2. Nf3 d6 3. d4 cxd4 4. Qxd4 Nc6 5. Bb5 Bd7 6. Qd3 h6 7. Nc3 Nf6 8. Bf4 Rc8 9. O-O a6 10. Bxc6 Bxc6 11. Rad1 e5 12. Be3 b5 13. a3 Qd7 14. Nd2 Qb7 15. f3 d5 16. exd5 Bxd5 17. Qf5 Qc7 18. Nde4 Bxe4 19. fxe4 Bc5 20. Bxc5 Qxc5+ 21. Kh1 O-O 22. Rd3 a5 23. Rg3 Rc6 24. Nd1 Qxc2 25. Qxe5 Re6 26. Qxb5 Nxe4 27. Rgf3 Nd2 28. R3f2 Qc1 29. Rg1 Rfe8 30. Qxa5 Ne4 31. Rf3 Re5 32. Qa7 R5e7 33. Qd4 Re6 34. Qd7 Nf6 35. Qd3 Ng4 36. Qf5 Nf6 37. Rff1 Re5 38. Qf4 Qb1 39. b4 Qa1 40. Qf3 R8e7 41. Qc3 Qa2 42. Qc8+ Re8 43. Qc3 Ne4 44. Qh3 Nd2 45. Rf2 Re1 46. g4 Rxg1+ 47. Kxg1 Re1+ 48. Kg2 Qd5+ 49. Kg3 Ne4+ 50. Kf4 g5+ 51. Kf3 Nxf2+ 52. Kxf2 Qxd1 0-1

[Event "World Youth U-16 Olympiad 2018"]
[Site "Konya"]
[Date "2018.11.27"]
[Round "4"]
[White "Divya Deshmukh"]
[Black "Tsaruk, Maksim"]
[Result "0-1"]
[WhiteElo "2180"]
[BlackElo "2215"]
[Annotator "NA"]
[PlyCount "116"]
[EventDate "2018.11.25"]
[EventType "team-tourn"]
[EventCountry "TUR"]
[SourceTitle "playchess.com"]
[Source "ChessBase"]
[SourceQuality "1"]
[WhiteTeam "India"]
[BlackTeam "Belarus"]
[WhiteTeamCountry "IND"]
[BlackTeamCountry "BLR"]

1. d4 f5 2. Bg5 h6 3. Bh4 g5 4. e4 Bg7 5. Bg3 f4 6. Bxf4 gxf4 7. Qh5+ Kf8 8. Qf5+ Nf6 9. e5 c5 10. exf6 Bxf6 11. Nf3 Nc6 12. Qxf4 cxd4 13. Nh4 Qa5+ 14. Nd2 Qe5+ 15. Qxe5 Nxe5 16. Nf5 Nc6 17. Ng3 d5 18. f4 h5 19. Be2 Nb4 20. Kd1 h4 21. Nh5 Bf5 22. Nxf6 exf6 23. Rc1 Nxa2 24. Ra1 Nb4 25. c3 Nc2 26. Ra4 Bd7 27. Ra5 b6 28. Ra2 Ne3+ 29. Kc1 Nxg2 30. cxd4 Rc8+ 31. Kb1 Bf5+ 32. Ka1 Rh7 33. Ra3 Rc2 34. Bd3 Bxd3 35. Rxd3 Nxf4 36. Rf3 Rxd2 37. Rxf4 Kf7 38. h3 Re2 39. Rc1 Re4 40. Rf2 Rh5 41. Rc7+ Re7 42. Rc6 Re6 43. Rc7+ Kg6 44. Rxa7 Rf5 45. Rh2 Re3 46. Rb7 Rb3 47. Rb8 Rff3 48. Rg8+ Kf7 49. Rg4 Rxh3 50. Rxh4 Rxh2 51. Rxh2 Rb4 52. Rh4 Kg6 53. Rg4+ Kf5 54. Rg8 Rxd4 55. Rd8 Ke4 56. Re8+ Kd3 57. Rf8 Kc2 58. b3 Kxb3 0-1

[Event "World Youth U-16 Olympiad 2018"]
[Site "Konya"]
[Date "2018.11.27"]
[Round "4"]
[White "Song, Yuxin"]
[Black "Daghli, Arash"]
[Result "0-1"]
[WhiteElo "2178"]
[BlackElo "2352"]
[Annotator "NA"]
[PlyCount "122"]
[EventDate "2018.11.25"]
[EventType "team-tourn"]
[EventCountry "TUR"]
[SourceTitle "playchess.com"]
[Source "ChessBase"]
[SourceQuality "1"]
[WhiteTeam "China"]
[BlackTeam "Iran"]
[WhiteTeamCountry "CHN"]
[BlackTeamCountry "IRI"]

1. e4 c5 2. Nf3 Nc6 3. Bb5 g6 4. O-O Bg7 5. Re1 e5 6. Bxc6 dxc6 7. d3 Ne7 8. Be3 b6 9. Qc1 h6 10. a4 a5 11. Nbd2 Be6 12. Nc4 Qc7 13. c3 Rd8 14. Qb1 Nc8 15. b4 cxb4 16. cxb4 axb4 17. Qxb4 Rxd3 18. Bxb6 Nxb6 19. Qxb6 Qxb6 20. Nxb6 Kd8 21. a5 Kc7 22. Reb1 Rb3 23. Rc1 Rb5 24. Nd2 Rd8 25. Ndc4 Bf8 26. Rcb1 Kb7 27. Rc1 Ka6 28. Ne3 Rc5 29. f3 Rd3 30. Kf2 Rdc3 31. Rd1 Rxa5 32. Na4 Ra3 33. Rxa3 Bxa3 34. Nc3 Bc5 35. Rc1 Bd4 36. Ne2 Kb6 37. f4 Ra3 38. Nxd4 exd4 39. Nc2 Ra2 40. Kf3 c5 41. h3 Bb3 42. Ne1 c4 43. Rb1 Kc6 44. Nd3 Ra7 45. f5 gxf5 46. exf5 Re7 47. Nf4 Bc2 48. Rb6+ Kxb6 49. Nd5+ Kc5 50. Nxe7 d3 51. Ke3 c3 52. Ng6 d2 53. Ne5 d1=Q 54. Nxf7 Qd3+ 55. Kf4 Qxf5+ 56. Kg3 Qxf7 57. Kh2 Be4 58. Kg1 Qf4 59. h4 c2 60. g3 Qxg3+ 61. Kf1 Bd3# 0-1

[Event "World Youth U-16 Olympiad 2018"]
[Site "Konya"]
[Date "2018.11.27"]
[Round "4"]
[White "Schneider, Jana"]
[Black "Karibaev, Dimash"]
[Result "1-0"]
[WhiteElo "2163"]
[BlackElo "1460"]
[Annotator "NA"]
[PlyCount "87"]
[EventDate "2018.11.25"]
[EventType "team-tourn"]
[EventCountry "TUR"]
[SourceTitle "playchess.com"]
[Source "ChessBase"]
[SourceQuality "1"]
[WhiteTeam "Germany"]
[BlackTeam "Kazakhstan"]
[WhiteTeamCountry "GER"]
[BlackTeamCountry "KAZ"]

1. e4 e6 2. d4 d5 3. Nd2 Nf6 4. e5 Nfd7 5. Bd3 c5 6. c3 Qb6 7. Ne2 Nc6 8. Nf3 cxd4 9. cxd4 Bb4+ 10. Bd2 Bxd2+ 11. Qxd2 Qb4 12. Rc1 Qxd2+ 13. Kxd2 Nb6 14. b3 Bd7 15. Ne1 a5 16. a4 Nb4 17. f4 Rc8 18. Nc3 O-O 19. Be2 Rc7 20. g4 Rfc8 21. Nf3 Be8 22. h4 Nd7 23. h5 f6 24. Rhg1 fxe5 25. fxe5 Nf8 26. Rgf1 h6 27. Nh4 Rf7 28. Rxf7 Kxf7 29. Ng2 Nh7 30. Nf4 Ng5 31. Ng6 Bc6 32. Nb5 Ne4+ 33. Ke3 Re8 34. Nc7 Kg8 35. Nxe8 Bxe8 36. Rc8 Kf7 37. Rc7+ Kg8 38. Nf4 Bf7 39. Bb5 b6 40. Bd7 Ng5 41. Rc8+ Kh7 42. Be8 Nc2+ 43. Kd3 Nb4+ 44. Ke2 1-0